Catalog

Record Details

Catalog Search



7th International Conference on Knowledge Management in Organizations: Service and Cloud Computing Cover Image E-book E-book

7th International Conference on Knowledge Management in Organizations: Service and Cloud Computing [electronic resource] / edited by Lorna Uden, Francisco Herrera, Javier Bajo Pérez, Juan Manuel Corchado Rodríguez.

Record details

  • ISBN: 9783642308673
  • Physical Description: XIV, 602 p. 142 illus. online resource.
  • Publisher: Berlin, Heidelberg : Springer Berlin Heidelberg : 2013.
Subject: Engineering.
Artificial intelligence.
Engineering.
Computational Intelligence.
Artificial Intelligence (incl. Robotics).
Information Systems Applications (incl. Internet).

Electronic resources


LDR 01830nam a22004335i 4500
00141849
003CONS
00520130727034807.0
007cr nn 008mamaa
008120717s2013 gw | s |||| 0|eng d
020 . ‡a9783642308673 ‡9978-3-642-30867-3
0247 . ‡a10.1007/978-3-642-30867-3 ‡2doi
035 . ‡a(DE-He213)978-3-642-30867-3
050 4. ‡aQ342
072 7. ‡aUYQ ‡2bicssc
072 7. ‡aCOM004000 ‡2bisacsh
1001 . ‡aUden, Lorna. ‡eeditor.
24510. ‡a7th International Conference on Knowledge Management in Organizations: Service and Cloud Computing ‡h[electronic resource] / ‡cedited by Lorna Uden, Francisco Herrera, Javier Bajo Pérez, Juan Manuel Corchado Rodríguez.
264 1. ‡aBerlin, Heidelberg : ‡bSpringer Berlin Heidelberg : ‡bImprint: Springer, ‡c2013.
300 . ‡aXIV, 602 p. 142 illus. ‡bonline resource.
336 . ‡atext ‡btxt ‡2rdacontent
337 . ‡acomputer ‡bc ‡2rdamedia
338 . ‡aonline resource ‡bcr ‡2rdacarrier
347 . ‡atext file ‡bPDF ‡2rda
4901 . ‡aAdvances in Intelligent Systems and Computing, ‡x2194-5357 ; ‡v172
650 0. ‡aEngineering.
650 0. ‡aArtificial intelligence.
65014. ‡aEngineering.
65024. ‡aComputational Intelligence.
65024. ‡aArtificial Intelligence (incl. Robotics).
65024. ‡aInformation Systems Applications (incl. Internet).
7001 . ‡aHerrera, Francisco. ‡eeditor.
7001 . ‡aBajo Pérez, Javier. ‡eeditor.
7001 . ‡aCorchado Rodríguez, Juan Manuel. ‡eeditor.
7102 . ‡aSpringerLink (Online service)
7730 . ‡tSpringer eBooks
77608. ‡iPrinted edition: ‡z9783642308666
830 0. ‡aAdvances in Intelligent Systems and Computing, ‡x2194-5357 ; ‡v172
85640. ‡uhttp://biblioteca.ipicyt.edu.mx:2048/login?url=http://dx.doi.org/10.1007/978-3-642-30867-3 ‡yTexto completo ‡9CONS
950 . ‡aEngineering (Springer-11647)
901 . ‡a41849 ‡b ‡c41849 ‡tbiblio ‡sSystem Local

Additional Resources